Moore and Us: (Record no. 226011)
[ view plain ]
| 000 -LEADER | |
|---|---|
| fixed length control field | 00904nam a22002417a 4500 |
| 005 - DATE AND TIME OF LATEST TRANSACTION | |
| control field | 20221221145840.0 |
| 008 - FIXED-LENGTH DATA ELEMENTS--GENERAL INFORMATION | |
| fixed length control field | 221221b ||||| |||| 00| 0 eng d |
| 020 ## - INTERNATIONAL STANDARD BOOK NUMBER | |
| International Standard Book Number | 1860745954 |
| 040 ## - CATALOGING SOURCE | |
| Transcribing agency | AL |
| 041 ## - LANGUAGE CODE | |
| Language code of text/sound track or separate title | eng |
| 082 ## - DEWEY DECIMAL CLASSIFICATION NUMBER | |
| Edition number | 23 |
| Classification number | 791.43 |
| Item number | LARM |
| 100 ## - MAIN ENTRY--PERSONAL NAME | |
| Personal name | Jesse Larner |
| 100 ## - MAIN ENTRY--PERSONAL NAME | |
| 9 (RLIN) | 67297 |
| 245 ## - TITLE STATEMENT | |
| Title | Moore and Us: |
| Remainder of title | The rise of Michael Moore and his quest for a new world order |
| 260 ## - PUBLICATION, DISTRIBUTION, ETC. | |
| Place of publication, distribution, etc. | UK |
| Name of publisher, distributor, etc. | Sanctuary Publishing |
| Date of publication, distribution, etc. | 2005 |
| 300 ## - PHYSICAL DESCRIPTION | |
| Extent | 255p. |
| Other physical details | HB |
| Dimensions | 20x13cm. |
| 365 ## - TRADE PRICE | |
| Source of price type code | Fine Art |
| 520 ## - SUMMARY, ETC. | |
| Summary, etc. | The author presents a balanced assessment of Moore's impact on the political and cultural life of America, from his breakthrough film Roger & Me through his most recent film, Fahrenheit 9/11. 25,000 first printing. $50,000 ad/promo. |
| 650 ## - SUBJECT ADDED ENTRY--TOPICAL TERM | |
| Topical term or geographic name entry element | Class Still Matters |
| 9 (RLIN) | 67290 |
| 650 ## - SUBJECT ADDED ENTRY--TOPICAL TERM | |
| Topical term or geographic name entry element | Roadkill Politics |
| 9 (RLIN) | 67291 |
| 650 ## - SUBJECT ADDED ENTRY--TOPICAL TERM | |
| Topical term or geographic name entry element | Road Ahead |
| 9 (RLIN) | 67292 |
| 700 ## - ADDED ENTRY--PERSONAL NAME | |
| Personal name | LARNER (Jesse) |
| 9 (RLIN) | 67293 |
| 942 ## - ADDED ENTRY ELEMENTS (KOHA) | |
| Source of classification or shelving scheme | Dewey Decimal Classification |
| Koha item type | Donated Books |
| Withdrawn status | Lost status | Source of classification or shelving scheme | Damaged status | Not for loan | Collection code | Home library | Current library | Date acquired | Total Checkouts | Full call number | Barcode | Date last seen | Price effective from | Koha item type | Public note |
|---|---|---|---|---|---|---|---|---|---|---|---|---|---|---|---|
| Dewey Decimal Classification | Others | St Aloysius Library | St Aloysius Library | 12/03/2014 | 791.43 LARM | D05440 | 12/21/2022 | 12/21/2022 | Donated Books | Donated by V. T. Rajshekar |